000 00304nam a22001337a 4500
008 190225b xxu||||| |||| 00| 0 eng d
020 _a9780201771572
041 _aeng
080 _a510
100 _a36
101 _aMAT
245 _aElementary and Intermediate Algebra
_cCarson, T
942 _2udc
_cBK
999 _c54214
_d54214